Name the Author (Italian Literature) 🇮🇹 - Statistics

General Stats
  • This quiz has been taken 225 times
    58 since last reset
  • The average score is 14 of 40
Answer Stats
Work Author % Correct
Divine Comedy Dante Alighieri
96%
The Name of the Rose Umberto Eco
88%
The Decameron Giovanni Boccaccio
80%
The Adventures of Pinocchio Carlo Collodi
73%
Il Canzoniere Francesco Petrarca
63%
If This Is a Man Primo Levi
61%
Six Characters in Search of an Author Luigi Pirandello
57%
Orlando Furioso (Poem) Ludovico Ariosto
55%
Invisible Cities Italo Calvino
51%
The Baron in the Trees Italo Calvino
51%
Jerusalem Delivered Torquato Tasso
51%
My Brilliant Friend Elena Ferrante
49%
The Leopard Giuseppe Tomasi di Lampedusa
49%
The Late Mattia Pascal Luigi Pirandello
49%
Foucault's Pendulum Umberto Eco
49%
I Malavoglia Giovanni Verga
45%
Il Piacere Gabriele d'Annunzio
41%
Cuttlefish Bones Eugenio Montale
35%
Arturo's Island Elsa Morante
31%
Barbarian Odes Giosuè Carducci
31%
The Betrothed Alessandro Manzoni
27%
San Martino (poem) Giosuè Carducci
25%
Ragazzi di Vita Pier Paolo Pasolini
25%
The Moon and the Bonfires Cesare Pavese
24%
L'Allegria (Poem) Giuseppe Ungaretti
24%
Baudolino Umberto Eco
24%
Christ Stopped at Eboli Carlo Levi
20%
Accidental Death of an Anarchist Dario Fo
18%
Reeds in the Wind Grazia Deledda
18%
The Book of the Courtier Baldassare Castiglione
16%
That Awful Mess on Via Merulana Carlo Emilio Gadda
16%
The Conformist Alberto Moravia
12%
The Garden of the Finzi-Continis Giorgio Bassani
12%
Fontamara Ignazio Silone
12%
Family Sayings Natalia Ginzburg
12%
The Little Virtues Natalia Ginzburg
8%
A Woman Sibilla Aleramo
8%
Life Is Not a Dream Salvatore Quasimodo
2%
Woman At War Dacia Maraini
0%
House of Liars Elsa Morante
0%
No matching quizzes found
Score Distribution
Percent of People with Each Score
Percentile by Number Answered
Your Score History
You have not taken this quiz since the last reset